Dynamický scorecard INFA
V rámci výskumného projektu bol vyvinutý balanced scorecard INFA - nástroj pre meranie a riadenie výkonnosti podniku. Cesta k získaniu konkurenčnej výhody. Systém merania a riadenia výkonnosti podniku. Integrovaný pohľad na finančnú výkonnosť a riziko - INFA. Premietnutie vplyvu kapitálovej štruktúr...
Salvato in:
| Autore principale: | |
|---|---|
| Altri autori: | |
| Natura: | Capitolo di libro |
| Lingua: | ceco |
| Soggetti: | |
| Tags: |
Nessun Tag, puoi essere il primo ad aggiungerne!!
|
MARC
| LEADER | 00000naa$a2200000$$$4500 | ||
|---|---|---|---|
| 001 | 0038804 | ||
| 005 | 20231114082027.6 | ||
| 041 | 0 | |a cze | |
| 044 | |a CZ | ||
| 245 | 1 | 0 | |a Dynamický scorecard INFA |c Inka Neumaierová, Ivan Neumaier |
| 520 | |a V rámci výskumného projektu bol vyvinutý balanced scorecard INFA - nástroj pre meranie a riadenie výkonnosti podniku. Cesta k získaniu konkurenčnej výhody. Systém merania a riadenia výkonnosti podniku. Integrovaný pohľad na finančnú výkonnosť a riziko - INFA. Premietnutie vplyvu kapitálovej štruktúry do INFA. Hýbatele finančnej výkonnosti alebo scorecard. Príčiny správania podniku alebo systémová dynamika. Dynamický scorecard INFA. | ||
| 610 | 2 | 0 | |a výkonnosť |
| 610 | 2 | 0 | |a podnik |
| 610 | 2 | 0 | |a nástroje riadenia |
| 610 | 2 | 0 | |a výhody konkurenčné |
| 610 | 2 | 0 | |a riziko |
| 610 | 2 | 0 | |a výnosnosť |
| 610 | 2 | 0 | |a štruktúra kapitálová |
| 610 | 2 | 0 | |a ukazovatele finančné |
| 610 | 2 | 0 | |a dynamika systémov |
| 610 | 2 | 0 | |a rozhodovanie strategické |
| 100 | 1 | |a Neumaierová, Inka | |
| 700 | 1 | |a Neumaier, Ivan | |